[Event "Nizhnij Novgorod Region-ch"]
[Site "Nizhnij Novgorod"]
[Date "2012.10.13"]
[Round "?"]
[White "Khanov, Igor"]
[Black "Borkin, Alexey"]
[Result "0-1"]
[WhiteElo "1670"]
[BlackElo "1948"]
[PlyCount "114"]
[EventDate "2012.10.06"]
[EventType "swiss"]
[EventRounds "9"]
[EventCountry "RUS"]
[SourceTitle "EXT 2022"]
[Source "ChessBase"]
[SourceDate "2021.10.06"]
[SourceVersion "1"]
[SourceVersionDate "2021.10.06"]
[SourceQuality "1"]

1. e4 e5 2. Nf3 Nc6 3. Bb5 Nd4 4. Be2 Nxf3+ 5. Bxf3 Bc5 6. 0-0 Nf6 7. d3 h6 8. Nd2 0-0 9. Re1 d6 10. Nf1 Nh7 11. Be3 Bb6 12. Bxb6 axb6 13. Ng3 f5 14. exf5 c6 15. Qd2 Bxf5 16. Nxf5 Rxf5 17. Be4 Rf4 18. Bxh7+ Kxh7 19. f3 b5 20. a3 Qb6+ 21. Qe3 Qc7 22. Qd2 Rfa4 23. Re4 c5 24. Rae1 Rf8 25. Qc3 Qc6 26. Kh1 Rfa8 27. h3 Rxe4 28. Rxe4 Re8 29. Qe1 Qc7 30. Re2 c4 31. Qd2 Qc5 32. d4 Qd5 33. c3 Kh8 34. Qe1 Kg8 35. Re4 g5 36. Qg3 Kf7 37. Qg4 Kf6 38. Qh5 Rh8 39. Qg4 h5 40. Qd7 Qc6 41. dxe5+ dxe5 42. Qxc6+ bxc6 43. Kg1 Rd8 44. Re2 Rd5 45. Kf2 Ke6 46. Ke3 h4 47. Ke4 c5 48. Ke3 Kf5 49. Kf2 b4 50. cxb4 cxb4 51. Rc2 b3 52. Rxc4 Rd2+ 53. Kg1 Rxb2 54. Rb4 Ke6 55. a4 Kd6 56. a5 Kc5 57. Rb8 Kc4 0-1

[Event "Nizhnij Novgorod Region-ch"]
[Site "Nizhnij Novgorod"]
[Date "2012.10.10"]
[Round "?"]
[White "Baskakov, Egor"]
[Black "Borkin, Alexey"]
[Result "1/2-1/2"]
[WhiteElo "1659"]
[BlackElo "1948"]
[PlyCount "73"]
[EventDate "2012.10.06"]
[EventType "swiss"]
[EventRounds "9"]
[EventCountry "RUS"]
[SourceTitle "EXT 2022"]
[Source "ChessBase"]
[SourceDate "2021.10.06"]
[SourceVersion "1"]
[SourceVersionDate "2021.10.06"]
[SourceQuality "1"]

1. e4 e5 2. Nf3 Nc6 3. Bb5 Nd4 4. Nxd4 exd4 5. 0-0 c6 6. Bc4 d6 7. d3 Nf6 8. Nd2 Be7 9. Nf3 c5 10. h3 0-0 11. c3 dxc3 12. bxc3 d5 13. exd5 Nxd5 14. Bd2 Bf6 15. Qb3 Nb6 16. Rfe1 Bf5 17. Re3 Qd6 18. Rae1 Rad8 19. Bxf7+ Kh8 20. Bc4 a6 21. g4 Nxc4 22. dxc4 Bc8 23. Qc2 Qf4 24. Qe4 Qxe4 25. Rxe4 Bd7 26. Ne5 Bc6 27. Nxc6 Rxd2 28. Ne5 Bxe5 29. Rxe5 Rxa2 30. f4 Kg8 31. f5 Rc2 32. R1e3 b6 33. Re6 Rb8 34. Re7 Rd8 35. Re8+ Rxe8 36. Rxe8+ Kf7 37. Ra8 1/2-1/2

[Event "Nizhnij Novgorod Dubinin Memorial 19th"]
[Site "Nizhnij Novgorod"]
[Date "2012.01.??"]
[Round "5"]
[White "Borkin, Alexey"]
[Black "Lazarev, Anatoly"]
[Result "1-0"]
[WhiteElo "1935"]
[BlackElo "2114"]
[PlyCount "41"]
[EventDate "2012.01.??"]
[EventType "swiss"]
[EventRounds "9"]
[EventCountry "RUS"]
[SourceTitle "EXT 2015"]
[Source "ChessBase"]
[SourceDate "2014.11.20"]
[SourceVersion "1"]
[SourceVersionDate "2014.11.20"]
[SourceQuality "1"]

1. e4 Nf6 2. e5 Nd5 3. d4 d6 4. c4 Nb6 5. f4 dxe5 6. fxe5 c5 7. d5 e6 8. Nc3 exd5 9. cxd5 c4 10. Nf3 Bb4 11. Bxc4 0-0 12. Bb3 Bg4 13. 0-0 Qc7 14. Qe1 N8d7 15. Bf4 Nc5 16. d6 Qc6 17. Bc2 g6 18. Bh6 Rfe8 19. Ng5 Be6 20. Qh4 Bxc3 21. Nxh7 1-0

[Event "Nizhnij Novgorod Dubinin Memorial 19th"]
[Site "Nizhnij Novgorod"]
[Date "2012.01.??"]
[Round "4"]
[White "Novgorodskij, Maksim"]
[Black "Borkin, Alexey"]
[Result "0-1"]
[WhiteElo "1633"]
[BlackElo "1935"]
[PlyCount "30"]
[EventDate "2012.01.??"]
[EventType "swiss"]
[EventRounds "9"]
[EventCountry "RUS"]
[SourceTitle "EXT 2015"]
[Source "ChessBase"]
[SourceDate "2014.11.20"]
[SourceVersion "1"]
[SourceVersionDate "2014.11.20"]
[SourceQuality "1"]

1. e4 e5 2. d4 exd4 3. Nf3 Bb4+ 4. c3 dxc3 5. Nxc3 Bxc3+ 6. bxc3 Ne7 7. Bc4 0-0 8. 0-0 d6 9. Qb3 Nbc6 10. Bg5 Na5 11. Qb4 Nxc4 12. Qxc4 Be6 13. Qb4 b6 14. Nd4 Bd7 15. e5 c5 0-1

[Event "Nizhnij Novgorod Dubinin Memorial 19th"]
[Site "Nizhnij Novgorod"]
[Date "2012.01.??"]
[Round "8"]
[White "Shadrina, Tatiana"]
[Black "Borkin, Alexey"]
[Result "1-0"]
[WhiteElo "2366"]
[BlackElo "1935"]
[PlyCount "39"]
[EventDate "2012.01.??"]
[EventType "swiss"]
[EventRounds "9"]
[EventCountry "RUS"]
[SourceTitle "EXT 2015"]
[Source "ChessBase"]
[SourceDate "2014.11.20"]
[SourceVersion "1"]
[SourceVersionDate "2014.11.20"]
[SourceQuality "1"]

1. e4 e5 2. Nc3 Nc6 3. Bc4 Nf6 4. d3 Be7 5. f4 exf4 6. Bxf4 d6 7. a3 Be6 8. Bxe6 fxe6 9. Nf3 e5 10. Be3 0-0 11. 0-0 d5 12. exd5 Nxd5 13. Qd2 b6 14. Ne4 Nxe3 15. Qxe3 Nd4 16. Nxd4 Qxd4 17. Qxd4 exd4 18. Rfe1 Rae8 19. Rab1 c5 20. b4 1-0

[Event "Nizhnij Novgorod-ch"]
[Site "Nizhnij Novgorod"]
[Date "2010.03.??"]
[Round "?"]
[White "Borkin, Alexey"]
[Black "Jevtushenko, VV."]
[Result "0-1"]
[WhiteElo "1921"]
[BlackElo "1928"]
[PlyCount "96"]
[EventDate "2010.03.13"]
[EventType "swiss"]
[EventRounds "9"]
[EventCountry "RUS"]
[SourceTitle "EXT 2022"]
[Source "ChessBase"]
[SourceDate "2021.10.06"]
[SourceVersion "1"]
[SourceVersionDate "2021.10.06"]
[SourceQuality "1"]

1. e4 c6 2. d4 d6 3. c4 Nf6 4. Nc3 Qc7 5. f4 Bg4 6. Be2 Bxe2 7. Ngxe2 e5 8. 0-0 Be7 9. Kh1 Nbd7 10. b4 a5 11. bxa5 Rxa5 12. c5 exd4 13. cxd6 Qb6 14. Nxd4 Bd8 15. e5 Nd5 16. e6 fxe6 17. Nxe6 Nxc3 18. Qe1 Ne4 19. Qxe4 Nf6 20. Qc4 Kd7 21. Nxd8 Qxd8 22. Qf7+ Kc8 23. Rb1 Qd7 24. Qb3 Re8 25. Bd2 Ra6 26. f5 Nd5 27. Rfc1 Kb8 28. Qc4 Rb6 29. Rxb6 Nxb6 30. Qc5 Nd5 31. Be1 Rf8 32. Bf2 b6 33. Qxc6 Qxc6 34. Rxc6 Kb7 35. Rc1 Rxf5 36. Bh4 Rf7 37. Rd1 Kc6 38. Be7 Kd7 39. Bh4 Kxd6 40. Kg1 Kc6 41. Bf2 Ra7 42. Bd4 g6 43. Rd2 Ra4 44. Be5 Re4 45. Bb2 Nb4 46. a3 Na6 47. Kf2 Nc5 48. Kf3 Rc4 0-1

[Event "Nizhnij Novgorod-ch"]
[Site "Nizhnij Novgorod"]
[Date "2010.03.??"]
[Round "?"]
[White "Borkin, Alexey"]
[Black "Kudrin, Ivan"]
[Result "1-0"]
[WhiteElo "1921"]
[BlackElo "1857"]
[PlyCount "97"]
[EventDate "2010.03.13"]
[EventType "swiss"]
[EventRounds "9"]
[EventCountry "RUS"]
[SourceTitle "EXT 2022"]
[Source "ChessBase"]
[SourceDate "2021.10.06"]
[SourceVersion "1"]
[SourceVersionDate "2021.10.06"]
[SourceQuality "1"]

1. e4 c5 2. Nf3 d6 3. d4 cxd4 4. Nxd4 Nf6 5. Nc3 a6 6. Bg5 e6 7. f4 Be7 8. Qd2 b5 9. a3 Bb7 10. Bd3 Nbd7 11. h3 h6 12. Bh4 Qc7 13. Bf2 Nb6 14. 0-0 0-0 15. Qe2 d5 16. e5 Nfd7 17. Rae1 Nc4 18. Nd1 Rac8 19. Qh5 Nc5 20. Bxc4 dxc4 21. f5 exf5 22. Nxf5 Ne6 23. Be3 Bc5 24. Kh1 Qc6 25. Rf3 Ng5 26. Bxc5 Qxf3 27. gxf3 Bxf3+ 28. Qxf3 Nxf3 29. Bxf8 Nxe1 30. Ne7+ Kxf8 31. Nxc8 Nxc2 32. Kg2 Ke8 33. Kf3 Kd7 34. Nd6 Ke6 35. Ke4 g6 36. Nb7 Ke7 37. Nc5 a5 38. Nb7 b4 39. Nxa5 bxa3 40. bxa3 Nxa3 41. Kd5 Nb5 42. Nxc4 Nc7+ 43. Ke4 f6 44. Nde3 fxe5 45. Kxe5 Ne6 46. Nd5+ Kf7 47. Nd6+ Kg7 48. Kxe6 g5 49. Kf5 1-0

[Event "Nizhnij Novgorod-ch"]
[Site "Nizhnij Novgorod"]
[Date "2010.03.??"]
[Round "?"]
[White "Karmanova, Marina"]
[Black "Borkin, Alexey"]
[Result "1-0"]
[WhiteElo "1872"]
[BlackElo "1921"]
[PlyCount "75"]
[EventDate "2010.03.13"]
[EventType "swiss"]
[EventRounds "9"]
[EventCountry "RUS"]
[SourceTitle "EXT 2022"]
[Source "ChessBase"]
[SourceDate "2021.10.06"]
[SourceVersion "1"]
[SourceVersionDate "2021.10.06"]
[SourceQuality "1"]

1. e4 e5 2. Nf3 Nc6 3. Bb5 a6 4. Ba4 Nf6 5. 0-0 d6 6. Re1 b5 7. Bb3 Na5 8. c3 Nxb3 9. Qxb3 Be6 10. Qd1 c5 11. d4 Qc7 12. Nbd2 Be7 13. Nf1 0-0 14. Ng3 Bg4 15. dxe5 dxe5 16. h3 Rfd8 17. Qe2 Be6 18. b3 c4 19. Ng5 Bc8 20. bxc4 bxc4 21. Nf3 Rd3 22. Bb2 a5 23. Red1 Ba6 24. Ne1 Rd7 25. Nf5 Bc5 26. Rxd7 Qxd7 27. Nf3 Re8 28. Re1 Qc6 29. Bc1 Nd7 30. N3h4 Nf8 31. Be3 Ng6 32. Bxc5 Qxc5 33. Nxg6 hxg6 34. Ne3 f5 35. exf5 gxf5 36. Nxf5 Bc8 37. Qh5 Rf8 38. Rxe5 1-0

[Event "Nizhnij Novgorod Dubinin Memorial 17th"]
[Site "Nizhnij Novgorod"]
[Date "2010.??.??"]
[Round "?"]
[White "Borkin, Alexey"]
[Black "Shelepov, Egor"]
[Result "1-0"]
[WhiteElo "1916"]
[BlackElo "1793"]
[PlyCount "115"]
[EventDate "2010.01.03"]
[EventType "swiss"]
[EventRounds "9"]
[EventCountry "RUS"]
[SourceTitle "CBM 134 Extra"]
[Source "ChessBase"]
[SourceDate "2010.03.03"]
[SourceVersion "1"]
[SourceVersionDate "2010.03.03"]
[SourceQuality "1"]

1. e4 d5 2. exd5 Qxd5 3. Nc3 Qa5 4. d4 c6 5. Bd3 Nf6 6. Bd2 Qc7 7. Nge2 Bg4 8. f3 Bh5 9. Bf4 Qd8 10. 0-0 e6 11. Kh1 Bg6 12. Ne4 Nd5 13. Bd2 Nd7 14. c3 Be7 15. Qc2 N7f6 16. Rae1 0-0 17. N2g3 Nxe4 18. fxe4 Nb6 19. Ne2 c5 20. dxc5 Bxc5 21. Nf4 Qc7 22. Be3 Bxe3 23. Rxe3 Nc4 24. Rg3 Ne5 25. Be2 Qc6 26. Bf3 Nxf3 27. gxf3 Rad8 28. Rfg1 Qd6 29. Nxg6 fxg6 30. Qb3 Rf7 31. Qc4 Rdf8 32. Qe2 Rf4 33. Rd1 Qc7 34. Qd3 Qf7 35. Kg2 g5 36. Qd7 g4 37. Qxf7+ R4xf7 38. Rd3 gxf3+ 39. Rgxf3 Rxf3 40. Rxf3 Rd8 41. Rf2 Rd3 42. Kf1 Re3 43. Re2 Rd3 44. Rf2 Re3 45. Re2 Rd3 46. Ke1 Kf8 47. Rd2 Rxd2 48. Kxd2 Kf7 49. Ke3 e5 50. c4 Ke6 51. Kf3 Kd6 52. b4 b6 53. Kg4 g6 54. Kg5 a5 55. a3 axb4 56. axb4 Ke6 57. Kh6 Kf6 58. h4 1-0

[Event "Nizhnij Novgorod-ch FL"]
[Site "Nizhnij Novgorod"]
[Date "2009.11.14"]
[Round "?"]
[White "Tarasov, Valery"]
[Black "Borkin, Alexey"]
[Result "1-0"]
[WhiteElo "1954"]
[BlackElo "1933"]
[PlyCount "63"]
[EventDate "2009.11.14"]
[EventType "swiss"]
[EventRounds "9"]
[EventCountry "RUS"]
[SourceTitle "EXT 2022"]
[Source "ChessBase"]
[SourceDate "2021.10.06"]
[SourceVersion "1"]
[SourceVersionDate "2021.10.06"]
[SourceQuality "1"]

1. Nf3 d5 2. d4 Nf6 3. c4 e6 4. g3 Be7 5. Bg2 0-0 6. 0-0 Ne4 7. b3 c6 8. Ba3 Bxa3 9. Nxa3 f5 10. e3 Nd7 11. Nc2 Qc7 12. Nb4 b6 13. Rc1 a5 14. Nd3 Ba6 15. Re1 b5 16. cxd5 exd5 17. Nde5 Nxe5 18. Nxe5 Rf6 19. f3 Ng5 20. Rc5 Rc8 21. Qc2 Bb7 22. Rc1 Ne6 23. Rc3 b4 24. Rd3 Ba6 25. Rd2 Bb5 26. f4 Qd6 27. Qd1 g5 28. Bf1 Bxf1 29. Kxf1 g4 30. Rdc2 Nd8 31. Rc5 Nb7 32. Rxc6 1-0

[Event "Nizhnij Novgorod-ch 60th"]
[Site "Nizhnij Novgorod"]
[Date "2008.05.??"]
[Round "?"]
[White "Kulagina, Svetlana"]
[Black "Borkin, Alexey"]
[Result "1-0"]
[WhiteElo "2088"]
[BlackElo "1969"]
[PlyCount "73"]
[EventDate "2008.03.??"]
[EventType "swiss"]
[EventRounds "9"]
[EventCountry "RUS"]
[SourceTitle "EXT 2010"]
[Source "ChessBase"]
[SourceDate "2010.11.25"]
[SourceVersion "1"]
[SourceVersionDate "2010.11.25"]
[SourceQuality "1"]

1. e4 e5 2. Nf3 Nc6 3. Bb5 a6 4. Ba4 Nf6 5. 0-0 b5 6. Bb3 Be7 7. Re1 d6 8. h3 Na5 9. Nc3 c5 10. Bd5 Nxd5 11. Nxd5 Be6 12. c3 Bxd5 13. exd5 f5 14. d4 e4 15. Nh2 0-0 16. f3 cxd4 17. Qxd4 exf3 18. Nxf3 Nc4 19. b3 Bf6 20. Qd3 Ne5 21. Qe2 Nxf3+ 22. Qxf3 b4 23. Bd2 Qa5 24. cxb4 Qb6+ 25. Be3 Qxb4 26. Rac1 Be5 27. Re2 g6 28. Rc4 Qb5 29. Rec2 a5 30. Rc7 a4 31. Bf4 axb3 32. axb3 Ra1+ 33. Kh2 Rf1 34. Bxe5 Rxf3 35. Rg7+ Kh8 36. Rcc7 Rxh3+ 37. Kxh3 1-0

[Event "Nizhnij Novgorod-ch 60th"]
[Site "Nizhnij Novgorod"]
[Date "2008.03.??"]
[Round "?"]
[White "Borkin, Alexey"]
[Black "Svetlov, Dmitry"]
[Result "0-1"]
[WhiteElo "1969"]
[BlackElo "2314"]
[PlyCount "84"]
[EventDate "2008.03.??"]
[EventType "swiss"]
[EventRounds "9"]
[EventCountry "RUS"]
[SourceTitle "EXT 2010"]
[Source "ChessBase"]
[SourceDate "2010.11.25"]
[SourceVersion "1"]
[SourceVersionDate "2010.11.25"]
[SourceQuality "1"]

1. e4 c6 2. d4 d5 3. Nc3 dxe4 4. Nxe4 Nf6 5. Nxf6+ gxf6 6. Bf4 Bf5 7. Nf3 e6 8. Bd3 Bg4 9. c3 Bd6 10. Bg3 Qc7 11. Qc2 Bxf3 12. gxf3 Bf4 13. Qe2 Nd7 14. Qe4 Bd6 15. 0-0-0 0-0-0 16. c4 f5 17. Qe2 h5 18. Kb1 h4 19. Bxd6 Qxd6 20. Bc2 Nf6 21. Qe3 f4 22. Qc3 Rhg8 23. Qa5 Kb8 24. Rd2 h3 25. Rf1 Rg2 26. d5 exd5 27. cxd5 cxd5 28. Be4 Qc7 29. Qb5 Qb6 30. Qxb6 axb6 31. Rh1 Rh8 32. Bd3 Kc7 33. Kc2 Kc6 34. Kc3 Rh5 35. Kd4 Nd7 36. b4 Ne5 37. Kc3 Nxf3 38. Be2 Nxd2 39. Bxh5 Ne4+ 40. Kd4 Rxf2 41. Rd1 Rxh2 42. Bxf7 Rd2+ 0-1

[Event "Nizhnij Novgorod-ch 60th"]
[Site "Nizhnij Novgorod"]
[Date "2008.03.??"]
[Round "?"]
[White "Pristalov, Evgeny"]
[Black "Borkin, Alexey"]
[Result "0-1"]
[WhiteElo "1841"]
[BlackElo "1969"]
[PlyCount "34"]
[EventDate "2008.03.??"]
[EventType "swiss"]
[EventRounds "9"]
[EventCountry "RUS"]
[SourceTitle "EXT 2010"]
[Source "ChessBase"]
[SourceDate "2010.11.25"]
[SourceVersion "1"]
[SourceVersionDate "2010.11.25"]
[SourceQuality "1"]

1. e4 e5 2. Nf3 Nc6 3. d4 exd4 4. c3 d5 5. exd5 Qxd5 6. cxd4 Bb4+ 7. Nc3 Bg4 8. Be2 0-0-0 9. 0-0 Qa5 10. Qb3 Bxf3 11. Bxf3 Nxd4 12. Qxf7 Nf6 13. Bd1 Bxc3 14. bxc3 Qxc3 15. Rb1 Rd7 16. Bg4 Nxg4 17. Qf4 Ne2+ 0-1

[Event "Nizhnij Novgorod Region-ch"]
[Site "Nizhnij Novgorod"]
[Date "2007.10.??"]
[Round "?"]
[White "Borkin, Alexey"]
[Black "Alexandrov, Valery"]
[Result "1-0"]
[WhiteElo "1939"]
[BlackElo "2170"]
[PlyCount "43"]
[EventDate "2007.10.??"]
[EventType "swiss"]
[EventRounds "9"]
[EventCountry "RUS"]
[SourceTitle "EXT 2009"]
[Source "ChessBase"]
[SourceDate "2008.11.26"]
[SourceVersion "1"]
[SourceVersionDate "2008.11.26"]
[SourceQuality "1"]

1. e4 e6 2. d4 d5 3. exd5 exd5 4. Bd3 Nc6 5. Ne2 Bd6 6. c3 Nge7 7. 0-0 Bg4 8. Qb3 0-0 9. Qxb7 Rb8 10. Qa6 Rb6 11. Qa4 Ng6 12. Qc2 Qh4 13. Ng3 Nf4 14. Bxf4 Bxf4 15. Nd2 Nxd4 16. cxd4 Rh6 17. h3 Bxd2 18. Bf5 Bf3 19. Qxd2 g6 20. Qe3 Bxg2 21. Kxg2 gxf5 22. Nxf5 1-0

[Event "Nizhnij Novgorod Region-ch"]
[Site "Nizhnij Novgorod"]
[Date "2007.10.??"]
[Round "?"]
[White "Kozlov, Alexander2222"]
[Black "Borkin, Alexey"]
[Result "1-0"]
[WhiteElo "1943"]
[BlackElo "1939"]
[PlyCount "73"]
[EventDate "2007.10.??"]
[EventType "swiss"]
[EventRounds "9"]
[EventCountry "RUS"]
[SourceTitle "EXT 2009"]
[Source "ChessBase"]
[SourceDate "2008.11.26"]
[SourceVersion "1"]
[SourceVersionDate "2008.11.26"]
[SourceQuality "1"]

1. d4 d5 2. c4 e6 3. Nc3 Nf6 4. Nf3 Be7 5. g3 0-0 6. Bg2 b6 7. cxd5 exd5 8. 0-0 Bb7 9. Bf4 Nbd7 10. Rc1 c5 11. Ne5 Re8 12. Qa4 Nxe5 13. dxe5 Nh5 14. Nxd5 Bxd5 15. Rfd1 Nxf4 16. gxf4 Qc8 17. Rxd5 Qg4 18. Qe4 Bh4 19. h3 Qg6 20. f5 Qg5 21. f4 Qe7 22. Rcd1 Red8 23. Qc4 Rxd5 24. Bxd5 Kf8 25. Kg2 h6 26. e4 Qc7 27. Kf3 g5 28. fxg6 fxg6 29. Be6 b5 30. Qd5 Rd8 31. Bd7 Qb6 32. f5 c4 33. Rd4 Qa6 34. f6 Bxf6 35. exf6 Qxf6+ 36. Kg2 Qf4 37. Qc5+ 1-0